Социални функции на физическата култура и спорта (Запис номер 187147)
[ съкратено ]
| 000 -Лидер | |
|---|---|
| Контролно поле с фиксирана дължина | 01589nam a2200337 c 4500 |
| 003 - Код на организацията, давaща контролен номер | |
| Контролно поле | BLK |
| 005 - Дата и час на последна редакция | |
| Контролно поле | 20180422115522.0 |
| 008 - Елементи от данни с фиксирана дължина | |
| fixed length control field | 180411b bul|||||r ||||||| ||bul|| |
| 010 ## - Наследен системен номер | |
| LC control number | KNG00196153000 |
| 040 ## - Източник на каталожния запис | |
| Идентификатор на билиотеката - собственик на записа | BLK |
| 041 ## - Код за език | |
| Код за езика на текст/звукозапис или на отделно заглавие | Български |
| Код за езика КДБФ | Български |
| 080 ## - УДК | |
| Текстов определител УДК | Спорт. Физическа култура |
| УДК код - определител по УДК | 796/799 |
| УДК определител | :316 |
| УДК - код + определител | 796/799:316 |
| 100 1# - Редна дума - Автор | |
| Автор | Пономарьов, Николай Ив. |
| Авторска отговорност | първи автор |
| R(LIN) | 344278 |
| 139 ## - Редно поле | |
| Редна дума | Пономарьов, Николай Ив. |
| Авторски знак | Пон - П 73 |
| 245 10 - Сведения за заглавието | |
| Заглавие | Социални функции на физическата култура и спорта |
| Подзаглавни данни | Моногр. |
| Редно поле (дума) | Николай Ив. Пономарьов; прев. от рус. Екатерина Аврамова. |
| 257 ## - Страна на издаване | |
| Страна на създаване/издаване | СССР |
| 260 ## - Област на издателските данни | |
| -- | София |
| Име на издателя, разпространителя и проч. | Медицина и физкултура |
| Година на издаване | 1977 |
| Печатница | Пловдив : Д. Благоев |
| 300 ## - Физическа характеристика | |
| Страници | 263 с. |
| Илюстрации и др. | с табл. |
| Размери/Мащаб | 22 см |
| 380 ## - Жанр | |
| Жанр | 793/799 Спорт |
| 500 ## - Общи забележки | |
| Забележка | Ориг. загл. Социальные функции физической культуры и спорта. - 4 100 тир. - Библиогр. с. 236-260 |
| 650 #4 - Допълнително описание по предмет – тема | |
| Основно описание – тема или топоним | Физическа култура и спорт - социология - учебници за ВУЗ |
| 9 (RLIN) | 257981 |
| 653 ## - Ключова дума – ненормативна | |
| Ключова дума | физическо възпитание |
| 653 ## - Ключова дума – ненормативна | |
| Ключова дума | спорт |
| 653 ## - Ключова дума – ненормативна | |
| Ключова дума | социология |
| 700 1# - Други автори (авторска отговорност) | |
| Лично име | Аврамова, Екатерина |
| Автороска отговорност (Описва отношението между автора и произведението) | прев. от рус. |
| 9 (RLIN) | 367925 |
| 852 ## - Местоположение | |
| Форматна сигнатура | Цб 88207 |
| 856 4# - Електронен адрес и достъп | |
| Електронен формат | pdf - файл |
| Път до файла /url/ | |
| 856 4# - Електронен адрес и достъп | |
| Електронен формат | pdf - файл |
| Път до файла /url/ | |
| 942 ## - АРТИКУЛИ | |
| Вид на библиотечния материал | Книги |
| Скрит в OPAC | Не |
| 944 ## - СЪЗДАВАНЕ И РЕДАКЦИЯ на ЗАПИСА | |
| Създаване/Редакция | Създаване |
| Дата на регистрацията/редакция | 15.11.2016 |
| Служител, извършил регистрацията/редакцията | Севдалина_Василева |
| 944 ## - СЪЗДАВАНЕ И РЕДАКЦИЯ на ЗАПИСА | |
| Създаване/Редакция | Редакция |
| Дата на регистрацията/редакция | 15.11.2016 |
| Служител, извършил регистрацията/редакцията | Севдалина_Василева |
| 999 ## - СИСТЕМНИ КОНТРОЛНИ НОМЕРА | |
| Koha biblionumber | 187147 |
| Koha biblioitemnumber | 187147 |
| Код за отписване | Код за изгубен артикул | Източник на класификационната схема | Код за повреда | Коз за рестрикции | Код за отдаване | Артикулен № | Име на библиотеката - собственик | Име на библиотеката, в която се намира в момента | Статус (Текущо местоположение) | Дата на вписване в системата | Местоположение - отдел | Цена в лева | Инвентарен номер | Систематично азбучна сигнатура | Баркод | Номер на екземпляра | Цена в евро | Служебна бележка | Служебен тип на артикула |
|---|---|---|---|---|---|---|---|---|---|---|---|---|---|---|---|---|---|---|---|
| Не е изгубен | Universal Decimal Classification | Не е повреден | само за читалня | ползва се в читалня | 326512 | Регионална библиотека "Любен Каравелов" Русе | Регионална библиотека "Любен Каравелов" Русе | Хранилище | 1977-01-01 | Хранилище | 1.28 | 233589 | Цб 88207 | 120000233589 | 1 | 0.65 | Дост: Dp Вид: Д N: стар фонд Дата: 01.01.1977 | Книги | |
| Изтеглен | Не е изгубен | Universal Decimal Classification | Не е повреден | без рестрикции | заемане за дома | 326513 | Регионална библиотека "Любен Каравелов" Русе | Регионална библиотека "Любен Каравелов" Русе | Заемна - подръчен фонд | 1977-01-01 | Заемна - подръчен фонд | 1.28 | 257185 | П 796/799/П 73 | 257185 | 2 | 0.65 | Дост: Pk Вид: Ф N: стар фонд Дата: 01.01.1977 Дата инв: 08.02.2018 Бележки инв: П2018 | Книги |